Procesos evaluativos en la educación superior : una mirada internacional /

El presente artículo, comparte desde el ámbito de los procesos evaluativos en el contexto de la educación superior, su aplicabilidad desde una mirada internacional, focalizada en la comunidad económica europea. Algunos de los aspectos abordados son: calidad de las instituciones educativas, procesos...

Full description

Bibliographic Details
Main Author: Alvarez Cisternas, Marisol
Format: Analitica de revista
Language:Spanish
Published: Santiago, Chile UMCE 2003
Subjects:

MARC

LEADER 00000cab a2200000 a 4500
001 033086
003 UAHC_CL
005 20180816152624.0
008 161124b2003 cl 000 spa
952 |0 0  |1 0  |2 ddc  |4 0  |6 EXTRAMUROS_02_03_000000000000000  |7 0  |8 COMP  |9 63577  |a BC  |b BC  |c General  |d 2017-08-03  |l 0  |o EXTRAMUROS-02/03  |r 2018-01-25 00:00:00  |w 2017-08-03  |y REVA 
999 |c 33086  |d 33086 
040 |a UAHC_CL  |c UAHC_CL  |d UAHC_CL 
100 1 |a Alvarez Cisternas, Marisol 
245 1 0 |a Procesos evaluativos en la educación superior :  |b una mirada internacional /  |c Marisol Álvarez Cisternas. 
260 |b UMCE  |a Santiago, Chile  |c 2003 
300 |a p. 63-70 
500 |a En: Extramuros: revista de la Universidad Metropolitana de Ciencias de la Educación. No., 02, año 2003. pp. 63-70. ISSN: 07180500. 
520 |a El presente artículo, comparte desde el ámbito de los procesos evaluativos en el contexto de la educación superior, su aplicabilidad desde una mirada internacional, focalizada en la comunidad económica europea. Algunos de los aspectos abordados son: calidad de las instituciones educativas, procesos evaluativos y su operación en el contexto universitario, asumiendo focos de evaluación, procedimientos y metodologías de trabajo, acorde a la realidad contextual y particular de cada país. 
650 4 |a CALIDAD DE LA EDUCACION 
650 4 |a EDUCACION SUPERIOR 
650 4 |a EVALUACION EN EDUCACION 
773 0 |t Extramuros : revista de la Universidad Metropolitana de Ciencias de la Educación  |w 033143 
900 |a EXTRAMUROS-02/03 
942 |c REVA  |2 ddc